• 首页
  • 本馆介绍
  • 公告通知
  • 最新文献
  • 馆藏检索
  • 电子资源
  • 读者导购
  • 参考咨询
  • 我的图书馆
  • 登录
  • 详细信息显示
  • 放入我的书架
  • 预约/预借图书
  • 作者相关作品
  • 分类相关作品
  • 丛书相关作品
  • 出版社相关作品

书目信息

  • 表格格式
  • 工作单格式
  • 卡片格式
题名:
巴基斯坦、孟加拉国、尼泊尔、不丹
    
 
作者: 顾帆 编著
分册:  
出版信息: 北京   军事谊文出版社  1995.5
页数: 147页
开本: 19cm
丛书名: 世界各国知识丛书.亚洲卷
单 册:
中图分类: Z1
科图分类:
主题词: 丛书
电子资源:
ISBN: 7-80027-649-X
000 00644nam0 2200217 45
001 0004191084
005 20040519102037.5
010    @a7-80027-649-X@dCNY65.00
100    @a20000419d1995 km y0chiy0120 ea
101    @achi
105    @a z 000yy
200 1  @a巴基斯坦、孟加拉国、尼泊尔、不丹@ABa Ji Si Tan、Meng Jia La Guo、Ni BoEr、Bu Dan@f顾帆,成林编著
210    @a北京@c军事谊文出版社@d1995.5
215    @a147页@d19cm
225    @a世界各国知识丛书.亚洲卷
410    @12001 @a世界各国知识丛书.亚洲卷
606 0  @a丛书
690    @aZ1@v1
701    @a顾帆@4编著
801    @aCN@bPFTUser@c20000419
905    @f2@b287911-912@dZ1@e56:1(6)
    
    巴基斯坦、孟加拉国、尼泊尔、不丹/顾帆,成林编著.-北京:军事谊文出版社,1995.5
    147页;19cm.-(世界各国知识丛书.亚洲卷)
    
    
    ISBN 7-80027-649-X:CNY65.00
    
●
相关链接 在E读中查询图书 在五车中查询图书 在当当中查询图书 在豆瓣中查询图书


正题名:巴基斯坦、孟加拉国、尼泊尔、不丹     索取号:Z1/56:1(6)         预约/预借

序号 登录号 条形码 馆藏地/架位号 状态 备注
1 0287911   002879111   第三借阅区/ [索取号:Z1/56:1(6)] 在馆    
2 0287912   002879120   第三借阅区/ [索取号:Z1/56:1(6)] 在馆    
3 0287913   002879139   第二样本阅览室/ [索取号:Z1/56:1(6)] 在馆    
唐山师范学院图书馆 欢迎您!
大连网信软件有限公司© 版权所有